[Event "Pardubice op rapid 29th"]
[Site "Pardubice"]
[Date "2018.07.19"]
[Round "9"]
[White "Kusa, Jakub"]
[Black "Vykydal, Frantisek"]
[Result "0-1"]
[WhiteElo "2061"]
[BlackElo "2089"]
[PlyCount "76"]
[EventDate "2018.07.18"]
[EventType "swiss (rapid)"]
[EventRounds "9"]
[EventCountry "CZE"]
[SourceTitle "CBM 185 Extra"]
[Source "ChessBase"]
[SourceDate "2018.07.29"]
[SourceVersion "1"]
[SourceVersionDate "2018.07.29"]
[SourceQuality "1"]

1. e4 Nf6 2. e5 Nd5 3. d4 d6 4. Nf3 Bg4 5. Be2 Bxf3 6. Bxf3 c6 7. 0-0 dxe5 8. dxe5 e6 9. c4 Ne7 10. Qxd8+ Kxd8 11. Bg5 Nd7 12. Rd1 Kc7 13. Nc3 Nxe5 14. Bf4 N7g6 15. Bg3 Bd6 16. Be2 Rad8 17. Ne4 f5 18. Ng5 Rhe8 19. c5 Bxc5 20. Nf7 Rxd1+ 21. Rxd1 f4 22. Nxe5 fxg3 23. Rd7+ Kc8 24. Nxg6 gxf2+ 25. Kf1 Kxd7 26. Ne5+ Kc7 27. Nd3 Be3 28. Nxf2 Bxf2 29. Kxf2 Kd6 30. Ke3 Ke5 31. Bd3 h6 32. Bg6 Rd8 33. Bc2 b5 34. a3 a5 35. g4 g5 36. h3 Rd4 37. Bg6 b4 38. axb4 Rxb4 0-1

[Event "Pardubice op rapid 29th"]
[Site "Pardubice"]
[Date "2018.07.18"]
[Round "1"]
[White "Rasik, Vitezslav"]
[Black "Vykydal, Frantisek"]
[Result "1-0"]
[WhiteElo "2458"]
[BlackElo "2089"]
[PlyCount "57"]
[EventDate "2018.07.18"]
[EventType "swiss (rapid)"]
[EventRounds "9"]
[EventCountry "CZE"]
[SourceTitle "CBM 185 Extra"]
[Source "ChessBase"]
[SourceDate "2018.07.29"]
[SourceVersion "1"]
[SourceVersionDate "2018.07.29"]
[SourceQuality "1"]

1. g3 e5 2. Bg2 Nc6 3. d3 Nf6 4. Nf3 Be7 5. 0-0 0-0 6. e4 d5 7. exd5 Nxd5 8. Re1 Bf6 9. Nbd2 Bf5 10. Ne4 Bxe4 11. Rxe4 Nd4 12. Nxe5 c5 13. c3 Ne6 14. Ng4 Ndc7 15. Re1 Rb8 16. f4 Re8 17. f5 Nf8 18. Rxe8 Nxe8 19. Bf4 Nd6 20. Qd2 h5 21. Nxf6+ Qxf6 22. Re1 Re8 23. Rxe8 Nxe8 24. Bxb7 Qxf5 25. Be4 Qe6 26. b3 Nd6 27. Bf3 h4 28. Qe3 hxg3 29. Qxe6 1-0

[Event "Pardubice op rap 26th"]
[Site "Pardubice"]
[Date "2015.07.23"]
[Round "6"]
[White "Yakimenko, Alexander A"]
[Black "Vykydal, Frantisek"]
[Result "1-0"]
[WhiteElo "2202"]
[BlackElo "2117"]
[PlyCount "81"]
[EventDate "2015.07.22"]
[EventType "swiss (rapid)"]
[EventRounds "9"]
[EventCountry "CZE"]
[SourceTitle "CBM 167 Extra"]
[Source "ChessBase"]
[SourceDate "2015.09.14"]
[SourceVersion "1"]
[SourceVersionDate "2015.09.14"]
[SourceQuality "1"]

1. d4 Nf6 2. c4 d6 3. Nf3 Bg4 4. e3 Nbd7 5. Be2 e5 6. Nc3 Be7 7. e4 c6 8. Be3 0-0 9. 0-0 Ne8 10. Nd2 Bxe2 11. Qxe2 Bg5 12. f4 exd4 13. Bxd4 Bf6 14. Nf3 Nc7 15. Rad1 Re8 16. Qc2 Bxd4+ 17. Nxd4 Ne6 18. Nf5 Nef8 19. Nxd6 Re6 20. e5 f6 21. Nce4 fxe5 22. f5 Rh6 23. c5 Rxd6 24. Nxd6 h6 25. Nxb7 Qe7 26. Nd6 Kh8 27. Qe4 Rb8 28. b4 Nf6 29. Qh4 Nd5 30. Qxe7 Nxe7 31. a3 Nd5 32. Rfe1 Nd7 33. Nf7+ Kg8 34. Nxe5 Nxe5 35. Rxe5 Nc3 36. Rd7 Rf8 37. g4 Nb1 38. Ree7 Rc8 39. Rxg7+ Kf8 40. Rh7 Ke8 41. Rxa7 1-0

[Event "Pardubice op rap 25th"]
[Site "Pardubice"]
[Date "2014.07.17"]
[Round "4"]
[White "Vykydal, Frantisek"]
[Black "Andreeva, Elena"]
[Result "0-1"]
[WhiteElo "2117"]
[BlackElo "1946"]
[PlyCount "118"]
[EventDate "2014.07.16"]
[EventType "swiss (rapid)"]
[EventRounds "9"]
[EventCountry "CZE"]
[SourceTitle "EXT 2015"]
[Source "ChessBase"]
[SourceDate "2014.11.20"]
[SourceVersion "1"]
[SourceVersionDate "2014.11.20"]
[SourceQuality "1"]

1. e4 c5 2. Nc3 Nc6 3. g3 g6 4. Bg2 Bg7 5. d3 e6 6. Be3 d6 7. Qd2 Nge7 8. Bh6 0-0 9. h4 f5 10. h5 Rf7 11. Nf3 Nd4 12. Bxg7 Nxf3+ 13. Bxf3 Rxg7 14. hxg6 hxg6 15. d4 c4 16. exf5 exf5 17. Nd5 Be6 18. Nf6+ Kf7 19. Nh7 Bd5 20. Ng5+ Kf6 21. Bxd5 Nxd5 22. Nf3 Qd7 23. 0-0-0 c3 24. Qg5+ Kf7 25. b3 Qe7 26. Qxe7+ Kxe7 27. Rhe1+ Kd7 28. Ng5 Re8 29. Rxe8 Kxe8 30. Re1+ Re7 31. Rxe7+ Kxe7 32. a3 Kf6 33. Nf3 f4 34. g4 Nc7 35. Kd1 Nb5 36. a4 Na3 37. Ne1 Ke6 38. Ke2 Kd5 39. Kd3 Nb1 40. Ng2 g5 41. Ne1 Nd2 42. Kxc3 Ne4+ 43. Kb4 Nxf2 44. Nf3 Nxg4 45. c4+ Ke4 46. Nxg5+ Kxd4 47. Ne6+ Ke3 48. Ng5 f3 49. Nxf3 Kxf3 50. c5 dxc5+ 51. Kxc5 Ke4 52. Kd6 Kd4 53. Kc7 Kc3 54. Kxb7 a5 55. Kb6 Kb4 56. Kc6 Ne5+ 57. Kd5 Nd3 58. Kd4 Nc1 59. Kd5 Kxb3 0-1

[Event "Pardubice op rap 24th"]
[Site "Pardubice"]
[Date "2013.07.18"]
[Round "9"]
[White "Praczukowski, Stanislaw"]
[Black "Vykydal, Frantisek"]
[Result "1/2-1/2"]
[WhiteElo "1848"]
[BlackElo "2160"]
[PlyCount "86"]
[EventDate "2013.07.17"]
[EventType "swiss (rapid)"]
[EventRounds "9"]
[EventCountry "CZE"]
[SourceTitle "CBM 155 Extra"]
[Source "ChessBase"]
[SourceDate "2013.08.26"]
[SourceVersion "1"]
[SourceVersionDate "2013.08.26"]
[SourceQuality "1"]

1. d4 Nf6 2. c4 d6 3. g3 e5 4. dxe5 dxe5 5. Qxd8+ Kxd8 6. Bg2 c6 7. Nf3 Nfd7 8. Ng5 Ke8 9. 0-0 h6 10. Nf3 a5 11. Rd1 Na6 12. Bh3 f6 13. Nc3 Ndc5 14. Bxc8 Rxc8 15. Be3 Be7 16. Nh4 Kf7 17. Nf5 Rhd8 18. h4 Bf8 19. h5 g6 20. hxg6+ Kxg6 21. Nh4+ Kf7 22. Kg2 h5 23. Nf3 Be7 24. Rh1 Rh8 25. Nh4 Rcg8 26. Nf5 Bf8 27. Rad1 Ke6 28. Nh4 Be7 29. f4 exf4 30. Bxf4 Rg4 31. Nf3 Rhg8 32. e3 Nb4 33. Nd4+ Kf7 34. Rxh5 Nbd3 35. Rh7+ Ke8 36. Kf3 Nxf4 37. gxf4 Rg3+ 38. Kf2 Rg2+ 39. Kf1 Rg1+ 40. Kf2 R8g2+ 41. Kf3 Rg3+ 42. Kf2 R1g2+ 43. Kf1 Rg1+ 1/2-1/2

[Event "Pardubice op rap 24th"]
[Site "Pardubice"]
[Date "2013.07.17"]
[Round "2"]
[White "Vykydal, Frantisek"]
[Black "Akesson, Ralf"]
[Result "0-1"]
[WhiteElo "2160"]
[BlackElo "2469"]
[PlyCount "90"]
[EventDate "2013.07.17"]
[EventType "swiss (rapid)"]
[EventRounds "9"]
[EventCountry "CZE"]
[SourceTitle "CBM 155 Extra"]
[Source "ChessBase"]
[SourceDate "2013.08.26"]
[SourceVersion "1"]
[SourceVersionDate "2013.08.26"]
[SourceQuality "1"]

1. e4 c5 2. Nc3 Nc6 3. g3 g6 4. Bg2 Bg7 5. d3 d6 6. Be3 e5 7. h3 Nge7 8. Qd2 h6 9. Nge2 Be6 10. 0-0 Qd7 11. Kh2 f5 12. f4 Nd4 13. Nd5 Nxd5 14. exd5 Bf7 15. c3 Nxe2 16. Qxe2 0-0 17. Qd2 exf4 18. gxf4 Bf6 19. Rg1 b5 20. c4 Rfe8 21. Bf2 Kh7 22. Rae1 g5 23. Re6 Bxe6 24. dxe6 Qxe6 25. Bxa8 Rxa8 26. Re1 Qf7 27. Bg3 g4 28. hxg4 fxg4 29. b3 Qh5+ 30. Kg1 Qh3 31. Qg2 Qxg2+ 32. Kxg2 bxc4 33. dxc4 Kg6 34. Re6 Kf7 35. Rxd6 h5 36. Rd5 h4 37. Bf2 Re8 38. Rh5 Re2 39. Kf1 Rxa2 40. Bxh4 Kg6 41. Rxc5 Bxh4 42. b4 g3 43. Ra5 Rxa5 44. bxa5 Kf5 45. c5 Kxf4 0-1

[Event "AUT-chT2O 0910"]
[Site "Austria"]
[Date "2010.04.17"]
[Round "10.3"]
[White "Vlcek, Stanislav"]
[Black "Vykydal, Frantisek"]
[Result "1/2-1/2"]
[WhiteElo "2286"]
[BlackElo "2218"]
[PlyCount "107"]
[EventDate "2009.10.17"]
[EventType "team-tourn"]
[EventRounds "11"]
[EventCountry "AUT"]
[SourceTitle "EXT 2011"]
[Source "ChessBase"]
[SourceDate "2010.11.26"]
[SourceVersion "1"]
[SourceVersionDate "2010.11.26"]
[SourceQuality "1"]
[WhiteTeam "Nickelsdorf"]
[BlackTeam "Zwettl"]
[WhiteTeamCountry "AUT"]
[BlackTeamCountry "AUT"]

1. e4 Nf6 2. e5 Nd5 3. d4 d6 4. Nf3 Bg4 5. Be2 c6 6. 0-0 Bxf3 7. Bxf3 dxe5 8. dxe5 e6 9. Nd2 Nd7 10. Re1 Qc7 11. Nc4 b5 12. Bxd5 cxd5 13. Nd6+ Bxd6 14. Qxd5 0-0 15. Qxd6 Qxd6 16. exd6 Rac8 17. c3 Rc6 18. a4 Ra6 19. b3 Rb8 20. Ba3 Rc6 21. Bb4 a6 22. axb5 Rxb5 23. Red1 e5 24. Ra5 Rxa5 25. Bxa5 f6 26. Bb4 Kf7 27. f3 Ke6 28. Kf2 Nf8 29. Ke3 Kd7 30. Rd5 Ne6 31. g3 Rb6 32. f4 exf4+ 33. gxf4 Nd8 34. Ba5 Rxb3 35. Bxd8 Kxd8 36. Kd4 Kd7 37. c4 Rb6 38. c5 Rb4+ 39. Kc3 Rb8 40. Rd2 Kc6 41. Kc4 a5 42. d7 Rd8 43. Rd6+ Kc7 44. Kb5 a4 45. Kxa4 Rxd7 46. Ra6 Rd2 47. Kb5 Rb2+ 48. Kc4 Rxh2 49. Ra7+ Kc6 50. Rxg7 Rh4 51. Kd3 Rxf4 52. Rxh7 Kxc5 53. Ke3 Rf1 54. Rd7 1/2-1/2

[Event "Niederoesterreich Landesliga 0910"]
[Site "Austria"]
[Date "2010.02.21"]
[Round "9"]
[White "Vykydal, Frantisek"]
[Black "Ried, Florian"]
[Result "1-0"]
[WhiteElo "2213"]
[BlackElo "2044"]
[PlyCount "65"]
[EventDate "2009.09.06"]
[EventType "team-tourn"]
[EventRounds "11"]
[EventCountry "AUT"]
[SourceTitle "EXT 2022"]
[Source "ChessBase"]
[SourceDate "2021.10.06"]
[SourceVersion "1"]
[SourceVersionDate "2021.10.06"]
[SourceQuality "1"]

1. e4 c5 2. Nc3 Nc6 3. g3 d6 4. Bg2 g6 5. d3 Bg7 6. Be3 e6 7. Qd2 Nd4 8. Nd1 Ne7 9. c3 Ndc6 10. Ne2 h6 11. b3 b6 12. 0-0 Bb7 13. d4 Qd7 14. f4 f5 15. dxc5 dxc5 16. Qxd7+ Kxd7 17. Nf2 Rad8 18. Rad1+ Kc7 19. Bc1 Ba6 20. Rfe1 Rxd1 21. Nxd1 Rd8 22. Ne3 Bd3 23. exf5 gxf5 24. Kf2 e5 25. fxe5 Bxe2 26. Bxc6 Nxc6 27. Kxe2 Re8 28. Nxf5 Bxe5 29. Kf3 Rf8 30. g4 h5 31. Bf4 hxg4+ 32. Kxg4 Bxf4 33. Kxf4 1-0

[Event "Niederoesterreich Landesliga 0910"]
[Site "Austria"]
[Date "2009.09.06"]
[Round "1"]
[White "Vykydal, Frantisek"]
[Black "Strobel, Ferdinand"]
[Result "1/2-1/2"]
[WhiteElo "2213"]
[BlackElo "2042"]
[PlyCount "44"]
[EventDate "2009.09.06"]
[EventType "team-tourn"]
[EventRounds "11"]
[EventCountry "AUT"]
[SourceTitle "EXT 2022"]
[Source "ChessBase"]
[SourceDate "2021.10.06"]
[SourceVersion "1"]
[SourceVersionDate "2021.10.06"]
[SourceQuality "1"]

1. e4 e5 2. Nf3 f5 3. Nxe5 Qf6 4. d4 d6 5. Nc4 fxe4 6. Be2 Qd8 7. 0-0 Nf6 8. Nc3 Be7 9. Bg5 d5 10. Ne5 0-0 11. f3 exf3 12. Bxf3 c6 13. Qd3 Na6 14. a3 Nc7 15. Rae1 Ne6 16. Bc1 Qb6 17. Ne2 Bd6 18. Kh1 Qc7 19. Ng3 Nd7 20. Bg4 Nxe5 21. dxe5 Rxf1+ 22. Nxf1 Be7 1/2-1/2

[Event "EU-ch Seniors 09th"]
[Site "Rogaska Slatina"]
[Date "2009.07.30"]
[Round "9"]
[White "Muratoglu, Salih"]
[Black "Vykydal, Frantisek"]
[Result "0-1"]
[WhiteElo "2114"]
[BlackElo "2219"]
[PlyCount "68"]
[EventDate "2009.07.22"]
[EventType "swiss"]
[EventRounds "9"]
[EventCountry "SLO"]
[SourceTitle "CBM 131 Extra"]
[Source "ChessBase"]
[SourceDate "2009.09.03"]
[SourceVersion "2"]
[SourceVersionDate "2009.09.16"]
[SourceQuality "1"]

1. d4 Nf6 2. c4 d6 3. Nf3 Bg4 4. e3 Nbd7 5. Be2 e5 6. Nc3 Be7 7. b4 a5 8. b5 0-0 9. a4 Re8 10. h3 Bxf3 11. Bxf3 Rb8 12. Bb2 exd4 13. exd4 d5 14. 0-0 dxc4 15. d5 Nb6 16. Qd4 Bd6 17. Ne4 Be5 18. Qxe5 Rxe5 19. Bxe5 Nfxd5 20. Rfd1 Qe7 21. Bd4 Nb4 22. Ng3 Nc2 23. Rac1 Nxd4 24. Rxd4 g6 25. Ne2 Qa3 26. Rdxc4 Nxc4 27. Rxc4 Qa1+ 28. Kh2 Qe5+ 29. g3 Rd8 30. Kg2 Rd2 31. Re4 Qxe4 32. Bxe4 Rxe2 33. Bxb7 Ra2 34. Bc6 Rxa4 0-1

[Event "EU-ch Seniors 09th"]
[Site "Rogaska Slatina"]
[Date "2009.07.27"]
[Round "6"]
[White "Vykydal, Frantisek"]
[Black "Gruzmann, Boris"]
[Result "0-1"]
[WhiteElo "2219"]
[BlackElo "2236"]
[PlyCount "76"]
[EventDate "2009.07.22"]
[EventType "swiss"]
[EventRounds "9"]
[EventCountry "SLO"]
[SourceTitle "CBM 131 Extra"]
[Source "ChessBase"]
[SourceDate "2009.09.03"]
[SourceVersion "2"]
[SourceVersionDate "2009.09.16"]
[SourceQuality "1"]

1. e4 e5 2. Nf3 Nc6 3. Bb5 d6 4. Bxc6+ bxc6 5. d4 f6 6. c4 Bg4 7. Be3 Ne7 8. h3 Bh5 9. Nc3 Qb8 10. Qe2 Qb4 11. g4 Bf7 12. d5 h5 13. 0-0-0 a5 14. a3 Qb7 15. Qc2 cxd5 16. Nxd5 Nc8 17. Nd2 Rb8 18. f4 c6 19. Nc3 Nb6 20. fxe5 dxe5 21. Bxb6 Qxb6 22. Na4 Qd4 23. Qc3 g6 24. Qxd4 exd4 25. Kc2 Be6 26. gxh5 Rxh5 27. h4 Bd7 28. c5 Bxc5 29. Nc4 Be7 30. Rhg1 Rxh4 31. Rh1 Rxh1 32. Rxh1 Kf7 33. Nab6 Bg4 34. Kd3 c5 35. Rh7+ Ke6 36. Nd5 Bd6 37. Nxa5 Rxb2 38. Nc6 Be2# 0-1

[Event "EU-ch Seniors 09th"]
[Site "Rogaska Slatina"]
[Date "2009.07.22"]
[Round "1"]
[White "Schwertel, Johann"]
[Black "Vykydal, Frantisek"]
[Result "1/2-1/2"]
[WhiteElo "2007"]
[BlackElo "2219"]
[PlyCount "55"]
[EventDate "2009.07.22"]
[EventType "swiss"]
[EventRounds "9"]
[EventCountry "SLO"]
[SourceTitle "CBM 131 Extra"]
[Source "ChessBase"]
[SourceDate "2009.09.03"]
[SourceVersion "2"]
[SourceVersionDate "2009.09.16"]
[SourceQuality "1"]

1. d4 Nf6 2. Nf3 d6 3. c3 Bg4 4. e3 Nbd7 5. Be2 e5 6. h3 Bxf3 7. Bxf3 c6 8. Nd2 Be7 9. Ne4 0-0 10. Nxf6+ Bxf6 11. 0-0 d5 12. dxe5 Nxe5 13. e4 Nxf3+ 14. Qxf3 dxe4 15. Qxe4 Re8 16. Qc2 Qa5 17. Be3 Rad8 18. Rfd1 Rxd1+ 19. Qxd1 Rd8 20. Qb3 b6 21. Qc4 Qd5 22. Qxd5 Rxd5 23. Re1 h6 24. Kf1 Kf8 25. Ke2 Rb5 26. Bc1 a5 27. Kf3 Rd5 28. Ke2 1/2-1/2